000 01913nam a2200373 c 4500
003 BLK
005 20180422111518.0
008 180409b bul|||||r ||||||| ||bul||
010 _aKNG00136533000
020 _a978-954-8104-30-2
_bиздат.: Труд - на том(т. 8)(Научноинформ. център Бълг. енциклопедия)
020 _a978-954-398-154-0
_bиздат.: Труд - на том(т. 8)(Труд)
040 _aBLK
041 _aBUL
_cBUL
072 7 _2bullib
_aН00
_xОбщ отдел Н
080 _aОбщи енциклопедии. Енциклопедични речници. Научни справочници. Отраслови енциклопедии и справочници се класират в съответните отдели с определител за форма
_b03
_x(497.2)
_z03(497.2)
700 1 _aГюзелев, Васил Тодоров
_eглав. ред.
_9364355
139 _aГоляма енциклопедия България
_bГ 63
245 1 0 _aГоляма енциклопедия България
_bТ. 1 -
_cглав. ред. Васил Тодоров Гюзелев.
_nТ. 8
_pМом - Пан
257 _aBGR
260 София
_bНаучноинформ. център Бълг. енциклопедия
_c2011 -
_fСофия : Д. Благоев
300 _c24 см
380 _a0
650 4 _aБългария - енциклопедии
_9248325
653 _aенциклопедии
653 _aистория
653 _aкултура
659 _aН
760 1 _3- на том(т. 8)(Научноинформ. център Бълг. енциклопедия)
_dТруд, 2012
_h2887-3298 с. : с цв. ил.
_tТ. 8 Мом - Пан
852 _aЦб 254182
856 4 _qpdf
_u
856 4 _qpdf
_u
942 _cKNG
_n0
944 _aCR
_c15.01.2003
_kВиолета_Тройчева
944 _aED
_c22.08.2013
_k
999 _c130744
_d130744